Professional selling / (Record no. 14598)
[ view plain ]
| 000 -LEADER | |
|---|---|
| fixed length control field | 00612nam a2200169 4500 |
| 008 - FIXED-LENGTH DATA ELEMENTS--GENERAL INFORMATION | |
| fixed length control field | 191014b ||||| |||| 00| 0 eng d |
| 020 ## - INTERNATIONAL STANDARD BOOK NUMBER | |
| International Standard Book Number | 978-621-427-019-4 |
| 082 ## - DEWEY DECIMAL CLASSIFICATION NUMBER | |
| Edition number | 2018 |
| Classification number | DFil 658.85 |
| Item number | C146 |
| 100 ## - MAIN ENTRY--PERSONAL NAME | |
| Personal name | Camilar-Serrano, Angelita Ong |
| 9 (RLIN) | 40396 |
| 245 ## - TITLE STATEMENT | |
| Title | Professional selling / |
| Statement of responsibility, etc. | Angelita Ong Camilar-Serrano |
| 260 ## - PUBLICATION, DISTRIBUTION, ETC. (IMPRINT) | |
| Place of publication, distribution, etc. | Intramuros, Manila : |
| Name of publisher, distributor, etc. | Unlimited Books Library Services & Publishing, Inc., |
| Date of publication, distribution, etc. | 2018. |
| 300 ## - PHYSICAL DESCRIPTION | |
| Extent | x, 296 pages : |
| Other physical details | illustrations ; |
| Dimensions | 25 cm |
| 500 ## - GENERAL NOTE | |
| General note | Includes bibliographical references and webliography |
| 650 ## - SUBJECT ADDED ENTRY--TOPICAL TERM | |
| Topical term or geographic name as entry element | Selling |
| 9 (RLIN) | 40397 |
| 365 ## - TRADE PRICE | |
| Price amount | 695.00 |
| Currency code | Php |
| 942 ## - ADDED ENTRY ELEMENTS (KOHA) | |
| Source of classification or shelving scheme | Dewey Decimal Classification |
| Koha item type | Filipiniana |
| Withdrawn status | Lost status | Source of classification or shelving scheme | Damaged status | Not for loan | Collection code | Home library | Current library | Date acquired | Source of acquisition | Cost, normal purchase price | Total Checkouts | Full call number | Barcode | Date last seen | Copy number | Price effective from | Koha item type |
|---|---|---|---|---|---|---|---|---|---|---|---|---|---|---|---|---|---|
| Dewey Decimal Classification | Filipiniana | UM Digos College - LIC | UM Digos College - LIC | 08/08/2019 | Purchased | 695.00 | DFil 658.85 C146 2018 | 25753 | 05/15/2025 | 3 | 10/14/2019 | Filipiniana | |||||
| Dewey Decimal Classification | Filipiniana | UM Digos College - LIC | UM Digos College - LIC | 08/08/2019 | Purchased | 695.00 | DFil 658.85 C146 2018 | 25752 | 05/15/2025 | 2 | 10/14/2019 | Filipiniana | |||||
| Dewey Decimal Classification | Filipiniana | UM Digos College - LIC | UM Digos College - LIC | 08/08/2019 | Purchased | 695.00 | DFil 658.85 C146 2018 | 25751 | 05/15/2025 | 1 | 10/14/2019 | Filipiniana |
